[Event "Oakham"]
[Site "Oakham"]
[Date "1994.??.??"]
[Round "4"]
[White "Thorhallsson, Throstur"]
[Black "McNab, Colin Anderson"]
[Result "1/2-1/2"]
[WhiteElo "2470"]
[BlackElo "2460"]

1.e4 g6 2.d4 d6 3.Nc3 Bg7 4.Be3 Nf6 5.Qd2 c6 6.h3 b5 7.Bd3 Nbd7 8.Nf3 O-O
9.e5 b4 10.Ne2 Nd5 11.Bh6 dxe5 12.dxe5 Qc7 13.e6 Ne5 14.Bxg7 Kxg7 15.exf7 Nxf3+
16.gxf3 Qe5 17.O-O-O  1/2-1/2

[Event "Oakham"]
[Site "Oakham"]
[Date "1994.??.??"]
[Round "9"]
[White "Lamoureux, Charles"]
[Black "Welling, Gerard"]
[Result "0-1"]
[WhiteElo "2425"]
[BlackElo "2385"]

1.e4 g6 2.d4 Bg7 3.Nc3 d6 4.Nf3 a6 5.a4 b6 6.Bc4 e6 7.Bg5 Ne7 8.Qd2 h6 9.Be3 Bb7
10.d5 e5 11.g4 Nd7 12.h3 Nf6 13.Nh2 Bc8 14.Qe2 g5 15.Nf1 Ng6 16.Ng3 Ng8 17.Nf5 Bf6
18.Qf3 Nf4 19.Ne2 Ne7 20.Neg3 Neg6 21.Bd2 Bd7 22.Kf1 Nh4 23.Qd1 Kf8 24.Kg1 b5
25.Bb3 Kg8 26.Kh2 Kh7 27.Re1 Qb8 28.a5 Rc8 29.Bb4 Nhg2 30.Rg1 Nh4 31.Re1 Nhg2
32.Rg1 Nh4 33.Ra3 Rd8 34.Ba2 Be8 35.Re3 Bg7 36.Qd2 Nhg6 37.Rc1 Ra7 38.Bb3 Rb7
39.c3 Bf8 40.Ba2 Bg7 41.b3 Bf8 42.Qb2 c5 43.dxc6 Bxc6 44.Bb1 d5 45.Bxf8 Rxf8
46.Ree1 Rd7 47.exd5 Bxd5 48.Rcd1 Qd8 49.Qa3 Re8 50.Rd2 Bg2 51.Rxd7 Qxd7 52.Qd6 Qxd6
53.Nxd6 Re7 54.Nh5 Bc6 55.c4 bxc4 56.bxc4 Kh8 57.Nxf4 Nh4 58.Be4 exf4 59.Re2 Kg7
60.Kg1 Re6 61.c5 Re5 62.Bxc6 Rxe2 63.Bd5 Re5 64.c6 Rxd5 65.c7 Rd1+ 66.Kh2 Rc1
67.c8=Q Rxc8 68.Nxc8 Kf6 69.Nd6 Ke6 70.Nb7 Kd5 71.Kg1 Nf3+ 72.Kf1 Ne5 73.Ke2 Kc6
74.Nd8+ Kc7  0-1

[Event "Oberwart op"]
[Site "Oberwart"]
[Date "1994.??.??"]
[Round "3"]
[White "Wells, Peter K"]
[Black "Seifert, Milan"]
[Result "1-0"]
[WhiteElo "2490"]
[BlackElo "2280"]

1.e4 g6 2.d4 Bg7 3.Nc3 d6 4.f4 Nc6 5.Bb5 a6 6.Bxc6+ bxc6 7.Nf3 Nf6 8.O-O O-O
9.h3 Rb8 10.Qe2 a5 11.Rb1 Rb6 12.Re1 Ba6 13.Qf2 e6 14.Bd2 Rb8 15.b3 Nd7 16.e5 d5
17.Na4 Bb5 18.Nc5 a4 19.Nxa4 Bxa4 20.bxa4 Rxb1 21.Rxb1 Qa8 22.a5 Rb8 23.Rb3 Bf8
24.f5 exf5 25.g4 Rxb3 26.axb3 c5 27.gxf5 cxd4 28.e6 fxe6 29.fxe6 Nc5 30.Ng5 Qe8
31.b4 Nxe6 32.Qe2 Ng7 33.Qxe8 Nxe8 34.a6 c6 35.Ne6 c5 36.a7  1-0

[Event "Olot op"]
[Site "Olot"]
[Date "1994.??.??"]
[Round "?"]
[White "Prieto, Ernesto"]
[Black "Mueller, M."]
[Result "1/2-1/2"]
[WhiteElo "2250"]
[BlackElo "2375"]

1.e4 g6 2.d4 Bg7 3.Nc3 d6 4.Nf3 c6 5.Be2 Bg4 6.Be3 Nd7 7.O-O Qc7 8.Qd2 Ngf6
9.Rfe1 O-O 10.Bh6 e5 11.Bxg7 Kxg7 12.Nh4 Bxe2 13.Rxe2 h6 14.Rd1 Rad8 15.Re3 Nh5
16.Ne2 Nb6 17.Rh3 Nc4 18.Qc3 b5 19.b3 Nb6 20.g4 Nf6 21.Qf3 Qc8 22.Rg3 Nh7
23.Qe3 Rg8 24.Kh1 Ng5 25.Rdg1 Kh7 26.Nf3 Nxf3 27.Rxf3 Qe6 28.g5 h5 29.Rf6 Qe8
30.Qf3 Kg7 31.Rg3 Rd7 32.Rh3 exd4 33.Rxg6+ Kf8 34.Rxg8+ Kxg8 35.Qxh5 Qxe4+
36.f3 Qe5 37.Qh7+ Kf8 38.f4 Qd5+ 39.Kg1 Ke7 40.Qg7 Kd8 41.Qxd4 Qe6 42.Re3 Qg4+
43.Kf2 Nd5 44.Re4 Qh3 45.Kg1 f5 46.gxf6 Rh7 47.Qf2 Nxf6 48.Re3 Qxh2+ 49.Qxh2 Rxh2
50.Re6 Kd7 51.Rxd6+ Kxd6 52.Kxh2 Kd5 53.Kg3 Ke4 54.Kh4 Ke3 55.Kg5 Nd7 56.Ng3 b4
57.Nf5+ Kd2 58.Ne7 c5 59.Kf5 Kxc2 60.Ke6 Nf8+ 61.Kd5 Kb2 62.Kxc5 Ne6+ 63.Kxb4 Nxf4
64.Nc6 Kxa2 65.Nxa7 Nd5+ 66.Ka4 Nb6+ 67.Kb4 Nd5+ 68.Kc4 Nb6+ 69.Kc3 Nd5+
70.Kc2 Nb4+  1/2-1/2

[Event "Orange op"]
[Site "Orange"]
[Date "1994.??.??"]
[Round "7"]
[White "Mollov, Elin"]
[Black "Weill, Roland"]
[Result "1-0"]
[WhiteElo "2380"]
[BlackElo "2255"]

1.d4 d6 2.e4 g6 3.Nc3 Bg7 4.Nf3 Nf6 5.h3 O-O 6.Be3 c6 7.a4 a5 8.Qd2 Na6 9.Be2 Nb4
10.O-O b6 11.Rad1 d5 12.e5 Nd7 13.Nb1 c5 14.c3 Na6 15.h4 Nc7 16.Na3 c4 17.h5 f6
18.hxg6 hxg6 19.Nh4 Kf7 20.f4 Rh8 21.g3 Nf8 22.f5 gxf5 23.Nxf5 Bxf5 24.Rxf5 Qd7
25.Rdf1 Qxa4 26.Bg5 Nh7 27.exf6 Nxf6 28.Bxf6 Bxf6 29.Bh5+ Rxh5 30.Rxh5 Rg8
31.Kg2 Qc6 32.Nc2 Qe6 33.Re5 Qg4 34.Qf2 Ke8 35.Ne3 Qg7 36.Nf5 Qg6 37.Re3 Kd7
38.Rf3 Ne6 39.Rh1 Ng5 40.Rh6 Qf7 41.Nxe7 Qxe7 42.Rfxf6 Ne4 43.Qf5+  1-0

[Event "Orange op"]
[Site "Orange"]
[Date "1994.??.??"]
[Round "9"]
[White "Gaudineau, Eric"]
[Black "Cordier, Francois"]
[Result "0-1"]
[WhiteElo "2190"]
[BlackElo "2030"]

1.e4 g6 2.d4 Bg7 3.Nc3 d6 4.f4 c6 5.Nf3 Bg4 6.Be3 Nd7 7.Bc4 e6 8.Bb3 d5 9.h3 Bxf3
10.Qxf3 Ne7 11.g4 Qa5 12.O-O-O O-O-O 13.f5 gxf5 14.exf5 exf5 15.gxf5 Bf6
16.Rhg1 Rdg8 17.Ne2 Qd8 18.c3 Nb6 19.Bf4 Qd7 20.Bc2 Kd8 21.Qh5 Qe8 22.Kb1 Nd7
23.Rde1 Rxg1 24.Nxg1 Qg8 25.Nf3 h6 26.Ne5 Rh7 27.Bh2 Bg5 28.Rg1 Rg7 29.Qf3 Nf8
30.Re1 Bh4 31.Rf1 Bg3 32.Bg1  0-1

[Event "Oslo op"]
[Site "Oslo"]
[Date "1994.??.??"]
[Round "2"]
[White "Ofstad, Per"]
[Black "Petursson, Margeir"]
[Result "0-1"]
[WhiteElo "2225"]
[BlackElo "2550"]

1.e4 g6 2.d4 Bg7 3.Nc3 d6 4.Be3 a6 5.a4 Nf6 6.f3 O-O 7.Qd2 Nc6 8.h4 e5 9.d5 Nd4
10.Nce2 c5 11.dxc6 bxc6 12.Nxd4 exd4 13.Bxd4 d5 14.O-O-O dxe4 15.Bc4 Be6
16.Bxe6 fxe6 17.Ne2 exf3 18.gxf3 Qd5 19.Nc3 Qxf3 20.Qe1 Rae8 21.Rd3 Qh5 22.Qg3 e5
23.Bc5 Rf7 24.Rd6 e4 25.Rxc6 Nd7 26.Qd6 Bf8  0-1

[Event "Oslo op"]
[Site "Oslo"]
[Date "1994.??.??"]
[Round "7"]
[White "Johnsen, Sverre"]
[Black "Bern, Ivar"]
[Result "0-1"]
[WhiteElo "2045"]
[BlackElo "2380"]

1.e4 g6 2.d4 Bg7 3.Nc3 d6 4.f4 e6 5.Nf3 Ne7 6.Be3 Nd7 7.e5 Nb6 8.Bd3 Bd7
9.Qe2 Bc6 10.O-O Qd7 11.Kh1 O-O 12.Ng5 Rae8 13.Nce4 Nf5 14.c3 h6 15.Nf3 Nxe3
16.Qxe3 Nd5 17.Qd2 b5 18.Nh4 Qe7 19.Qf2 Rb8 20.Qg3 Rfd8 21.Nf3 Ne3 22.Rf2 b4
23.Re1 Nf5 24.Qh3 bxc3 25.g4 Rxb2 26.Rxb2 cxb2 27.gxf5 exf5 28.Nf2 dxe5 29.Kg1 Qb4
30.Rb1 e4 31.Ne5 Bxe5 32.dxe5 exd3 33.Qh4 Rd7 34.Qf6 Bd5 35.e6 Bxe6 36.Rxb2 Qe1+
37.Kg2 Bd5+ 38.Kh3 Qe3+ 39.Kh4 Qxf4+ 40.Kh3 Qf3+  0-1

[Event "Pamplona9495"]
[Site "Pamplona"]
[Date "1994.??.??"]
[Round "?"]
[White "De la Villa Garcia, Jesus Maria"]
[Black "Zvjaginsev, Vadim"]
[Result "1/2-1/2"]
[WhiteElo "2490"]
[BlackElo "2585"]

1.e4 g6 2.d4 Bg7 3.Nc3 d6 4.g3 Nc6 5.Be3 d5 6.exd5 Nb4 7.Bg2 Nf6 8.Nf3 Bf5
9.Rc1 Nfxd5 10.Nxd5 Nxd5 11.Bg5 h6 12.Bd2 c6 13.O-O Bg4 14.c3 e6 15.Qb3 Bxf3
16.Bxf3 Qb6 17.Rfe1  1/2-1/2

[Event "Pardubice op"]
[Site "Pardubice"]
[Date "1994.??.??"]
[Round "4"]
[White "Sax, Gyula"]
[Black "Vokac, Marek"]
[Result "1/2-1/2"]
[WhiteElo "2530"]
[BlackElo "2450"]

1.e4 g6 2.d4 Bg7 3.Nc3 d6 4.f4 a6 5.Nf3 b5 6.Bd3 Bb7 7.Qe2 Nd7 8.e5 Nh6 9.Ne4 O-O
10.c3 c5 11.e6 f5 12.exd7 c4 13.Bc2 fxe4 14.Bxe4 Bxe4 15.Qxe4 Qxd7 16.O-O Rae8
17.a4 Ng4 18.axb5 axb5 19.Ng5 e6 20.Ra6 d5 21.Qe2 Nf6 22.Re1 h6 23.Nh3 Ne4
24.Nf2 Qb7 25.Ra1 Nd6 26.Bd2  1/2-1/2

[Event "Pardubice op"]
[Site "Pardubice"]
[Date "1994.??.??"]
[Round "4"]
[White "Yakovich, Yuri"]
[Black "Gorbatow, Alexej"]
[Result "1-0"]
[WhiteElo "2515"]
[BlackElo "2415"]

1.d4 d6 2.e4 g6 3.Nc3 Bg7 4.Bg5 a6 5.Nf3 b5 6.Bd3 Bb7 7.O-O Nd7 8.a4 b4 9.Ne2 Ngf6
10.Ng3 O-O 11.Qd2 a5 12.c3 c5 13.d5 Qc7 14.Bb5 Ba6 15.Bxa6 Rxa6 16.c4 b3
17.Bh6 Bxh6 18.Qxh6 Rb8 19.Ng5 Qd8 20.f4 Qf8 21.Qh3 Qg7 22.Rae1 Nb6 23.e5 Ne8
24.f5 f6 25.fxg6 hxg6 26.Qe6+ Kf8 27.exf6 exf6 28.Rxf6+ Nxf6 29.Qxd6+ Kg8
30.Qxb8+ Qf8 31.Qb7  1-0

[Event "Paris op"]
[Site "Paris"]
[Date "1994.??.??"]
[Round "2"]
[White "Coleman, David"]
[Black "Asanov, Bolat"]
[Result "0-1"]
[WhiteElo "2245"]
[BlackElo "2360"]

1.e4 d6 2.d4 g6 3.Nc3 Bg7 4.f4 Nc6 5.Bb5 a6 6.Bxc6+ bxc6 7.Nf3 Nf6 8.O-O O-O
9.h3 Nd7 10.Be3 Rb8 11.Rb1 c5 12.dxc5 Nxc5 13.Bd4 Bh6 14.Bxc5 dxc5 15.Qxd8 Rxd8
16.Ne5 Bb7 17.Nd3 c4 18.Nc5 Rd2 19.Rbc1 Bg7 20.N3a4 Bc6 21.c3 Rbd8 22.Rce1 f5
23.Rf2 fxe4 24.Rxd2 Rxd2 25.Nxe4 Rc2 26.Nac5 a5 27.Rb1 Re2 28.Nf2 Kf7 29.Kf1 Rc2
30.Nce4 Ke6 31.g4 Bh6 32.g5 Bg7 33.Ke1 Kf5 34.Nd2 Kxf4 35.Kd1 Ba4 36.b3 Rxa2
37.bxa4 Bxc3 38.Nde4 Bd4 39.Ke1 c3 40.Rb7 Kf3 41.Rxc7 Ra1+ 42.Nd1 Kxe4 43.Rxe7+ Kd3
44.Re2 Rc1  0-1

[Event "PER-ch"]
[Site "Peru"]
[Date "1994.??.??"]
[Round "1"]
[White "Belli, Mario"]
[Black "Robbiano Taboada, Carlo"]
[Result "1-0"]
[WhiteElo "2410"]
[BlackElo "2285"]

1.d4 d6 2.e4 g6 3.Nc3 Bg7 4.Be2 Nf6 5.h4 c5 6.dxc5 Qa5 7.Kf1 Qxc5 8.Be3 Qa5
9.h5 gxh5 10.Nh3 Bg4 11.f3 Bxh3 12.Rxh3 Nc6 13.a3 Rc8 14.Rg3 Rg8 15.Rg5 Qd8
16.Nd5 Nd7 17.c3 e6 18.Nb4 Nf6 19.Qa4 Bh6 20.Rxg8+ Nxg8 21.Nxc6 bxc6 22.Bxh6 Nxh6
23.Qxa7 Qe7 24.Qxe7+ Kxe7 25.Kf2 f5 26.exf5 Nxf5 27.a4 d5 28.Bd3 Rb8 29.Ra2 Nd6
30.Ke3 c5 31.a5 h6 32.a6 c4 33.Bg6 h4 34.Kd4 Nb5+ 35.Ke5 Na7 36.Bh5 Rf8 37.Kd4 Kd6
38.Bg4 Nc6+ 39.Ke3 e5 40.Ra1 Rb8 41.f4 e4 42.Bh3 Na7 43.Ra2 Rg8 44.Ra4 Nc6
45.f5 Rg7 46.Kf4 Ra7 47.f6 e3 48.Kxe3 Ke5 49.Bc8 Nd8 50.Bb7 Kxf6 51.Bxd5 Ne6
52.Bxc4  1-0

[Event "World op"]
[Site "Philadelphia"]
[Date "1994.??.??"]
[Round "?"]
[White "Blatny, Pavel"]
[Black "Ehlvest, Jaan"]
[Result "1/2-1/2"]
[WhiteElo "2525"]
[BlackElo "2610"]

1.e4 g6 2.d4 Bg7 3.Nc3 d6 4.Nf3 Nd7 5.Be3 Ngf6 6.h3 e5 7.dxe5 dxe5 8.Qd2 O-O
9.O-O-O Qe7 10.Bh6 c6 11.Qg5 b5 12.Bd3 Re8 13.g4 Bh8 14.Nh4 Nc5 15.Nf5 Bxf5
16.gxf5 Bg7 17.Rhg1 Rad8 18.f3 Rd6 19.Be2 Rxd1+ 20.Nxd1 a5 21.Ne3 Bxh6 22.Qxh6 Kh8
23.fxg6 fxg6 24.h4 Rg8 25.Ng4 Nxg4 26.Rxg4 Ne6 27.Qe3 a4 28.c3 Nf4 29.Kc2 Rd8
30.a3 Qf7 31.c4 bxc4 32.Bf1 Qd7 33.Bxc4 Qd1+ 34.Kc3 Rb8 35.Rg1 Qd6 36.Kc2 Rd8
37.Kb1 Kg7 38.Rc1 Rb8 39.Qc3 Kh6 40.Ka2 c5 41.Qa5 Qd4 42.Bb5 Ne2 43.Rc2 Qd1
44.Rxe2 Qb3+ 45.Kb1 Qd1+  1/2-1/2

[Event "Pinneberg op"]
[Site "Pinneberg"]
[Date "1994.??.??"]
[Round "?"]
[White "Putzbach, Gerd"]
[Black "Rabeler, Gert"]
[Result "0-1"]
[WhiteElo "2290"]
[BlackElo "2335"]

1.e4 g6 2.d4 Bg7 3.Nc3 d6 4.Nf3 c6 5.a4 Nd7 6.Be2 e5 7.dxe5 dxe5 8.Bg5 f6
9.Be3 Bh6 10.Qd2 Bxe3 11.Qxe3 Qb6 12.O-O Qxe3 13.fxe3 Nh6 14.Nd2 Ke7 15.Rad1 Nf7
16.b4 a5 17.b5 Nc5 18.bxc6 bxc6 19.Rb1 Be6 20.Rb6 Rhc8 21.Bc4 Nd6 22.Bxe6 Kxe6
23.Rfb1 Kd7 24.R6b2 Kc7 25.Rf1 Rf8 26.Rf2 Nd7 27.Rf3 Rab8 28.Nb3 Rb4 29.Rh3 h5
30.g4 hxg4 31.Rh7 Rf7 32.Rxf7 Nxf7 33.Rb1 Rc4 34.Nd1 Rxa4 35.Nf2 Nd6 36.Rd1 Ra2
37.c3 a4 38.Na5 a3 39.c4 Rc2 40.Ra1 a2 41.Nd3 Nxe4 42.Nb4 Rb2 43.Nxa2 Nd2
44.Nc3 Nf3+ 45.Kf1 Nxh2+ 46.Ke1 Nf3+ 47.Kf1 Nc5 48.Ne2 Ne4 49.Ra3 g3 50.Nb3 Rxb3
51.Rxb3 Nfd2+ 52.Kg2 Nxb3  0-1

[Event "POR-ch"]
[Site "?"]
[Date "1994.??.??"]
[Round "4"]
[White "Ribeiro, Fernando"]
[Black "Dantas, Carlos"]
[Result "1-0"]
[WhiteElo "2200"]
[BlackElo "2000"]

1.e4 g6 2.d4 Bg7 3.Nc3 d6 4.f4 Nf6 5.Nf3 c6 6.Bd3 O-O 7.O-O Bg4 8.h3 Bd7
9.Qe1 Qc8 10.Qh4 Nh5 11.f5 e5 12.dxe5 dxe5 13.g4 Nf4 14.Bxf4 exf4 15.f6 Bxf6
16.Qxf6 b5 17.Qxf4 Na6 18.e5 Nc5 19.Ne4 Nxe4 20.Bxe4 Qc7 21.Qh6 f6 22.Rf2 Qb6
23.Bxg6  1-0

[Event "CRO-ch"]
[Site "Porec"]
[Date "1994.??.??"]
[Round "?"]
[White "Zelcic, Robert"]
[Black "Kosanski, Stanko"]
[Result "1-0"]
[WhiteElo "2460"]
[BlackElo "2425"]

1.e4 g6 2.d4 Bg7 3.Nc3 d6 4.Be3 c6 5.Qd2 b5 6.f3 Nd7 7.h4 h5 8.Nh3 Nb6 9.b3 Bxh3
10.Rxh3 a5 11.a4 b4 12.Nd1 Nd7 13.Nb2 c5 14.O-O-O cxd4 15.Bxd4 Ngf6 16.Kb1 O-O
17.Bb5 Qc7 18.Nc4 Nc5 19.Rhh1 Rfd8 20.Qf2 e5 21.Bb2 Kh7 22.Qe3 Bh6 23.Qe2 Ne6
24.Qf2 Rab8 25.g3 Bg7 26.Ne3 Qc5 27.Bc4 Nd4 28.Rhf1 Rf8 29.Ng2 d5 30.exd5 Nxd5
31.Bxd5 Qxd5 32.f4 Rbd8 33.f5 Qe4 34.f6 Bh8 35.Rde1 Qd5 36.Ne3 Qc5 37.g4 Rd6
38.g5 Rfd8 39.Nc4 Re6 40.Rxe5 Rxe5 41.Nxe5 Qxe5 42.Rd1 Nc6 43.Rxd8  1-0

[Event "CRO-ch"]
[Site "Porec"]
[Date "1994.??.??"]
[Round "?"]
[White "Armanda, Ivica"]
[Black "Kosanski, Stanko"]
[Result "1-0"]
[WhiteElo "2260"]
[BlackElo "2425"]

1.e4 g6 2.d4 Bg7 3.Nc3 d6 4.Be3 c6 5.f4 Qb6 6.Bc4 Qxb2 7.Nge2 Qb4 8.Bd3 Nf6
9.h3 Qa5 10.O-O Nbd7 11.Bd2 Qd8 12.e5 dxe5 13.fxe5 Nd5 14.Ne4 O-O 15.c4 Nc7
16.Nf4 c5 17.Ng5 Nxe5 18.dxe5 Qd4+ 19.Kh1 Qxe5 20.Rb1 Qxg5 21.Nxg6 Qxg6 22.Bxg6 hxg6
23.Bg5 f6 24.Be3 b6 25.Qf3 e5 26.Qc6 Rf7 27.a4 Be6 28.Rfc1 Bf5 29.Rb3 Rc8
30.a5 Ne8 31.Qa4 bxa5 32.Qxa5 Bf8 33.Qa2 Ng7 34.Qa6 Rd8 35.Qa5 Ne6 36.Rb5 Rc8
37.Qa2 Be4 38.Qb2 Bd6 39.Qe2 f5 40.Ra1 f4 41.Bxc5 Nxc5 42.Rxc5 Bxg2+ 43.Qxg2 Bxc5
44.Qxg6+ Kf8 45.Qh6+ Ke7 46.Qg5+ Ke6 47.Qg4+ Rf5 48.Qf3 Rff8 49.Rb1 Bb6 50.Rb5 Kf6
51.Qh5 Bc7 52.Rc5 Bd6 53.Qh6+ Ke7 54.Qg7+ Rf7 55.Qg5+  1-0

[Event "Portoroz op"]
[Site "Portoroz"]
[Date "1994.??.??"]
[Round "?"]
[White "Sermek, Drazen"]
[Black "Mohr, Georg"]
[Result "1/2-1/2"]
[WhiteElo "2520"]
[BlackElo "2420"]

1.e4 g6 2.d4 Bg7 3.Nc3 d6 4.Nf3 Nf6 5.Bc4 O-O 6.Qe2 c6 7.e5 Nd5 8.Bd2 Nc7
9.h3 d5 10.Bd3 b6 11.Be3 Ne6 12.O-O-O c5 13.dxc5 Nxc5 14.Bc4 e6 15.Nxd5 exd5
16.Bxc5 bxc5 17.Bxd5 Qa5 18.Qc4  1/2-1/2

[Event "CRO-Cup"]
[Site "Pula"]
[Date "1994.??.??"]
[Round "4"]
[White "Loncar, Robert"]
[Black "Kosanski, Stanko"]
[Result "1/2-1/2"]
[WhiteElo "2410"]
[BlackElo "2440"]

1.e4 g6 2.d4 Bg7 3.Nc3 d6 4.Bg5 c6 5.Qd2 Qa5 6.h3 Nd7 7.Nf3 Ngf6 8.Bd3 O-O
9.O-O Qc7 10.Rfe1 e5 11.a4 a5 12.Bc4 Re8 13.Rad1 Nb6 14.Bb3 Be6 15.dxe5 dxe5
16.Bxe6 Rxe6 17.b3 Nbd7 18.Qe2 Ree8 19.Be3 Rab8 20.Rd3 Bf8 21.Red1 Nc5 22.Bxc5 Bxc5
23.g3 Qe7 24.Kg2 Bb6 25.R1d2 Kg7 26.Nd1 Rbd8 27.Nb2 Rxd3 28.Rxd3 Qc5 29.Nc4 Bc7
30.Qe3 Qxe3 31.Nxe3 Re7 32.Nd2 Rd7 33.Rxd7 Nxd7 34.Kf3 Nc5 35.Ke2 h5 36.h4 Kf6
37.Nd1 Ke6 38.Nb2 Kd7 39.Nd3 Ne6 40.Nf3 f6 41.c3 Bd6 42.Nd2 b5 43.f3 Bc7
44.Nf1 Bd6 45.g4 Nf4+ 46.Nxf4 exf4 47.Kd3 Bc5 48.gxh5 gxh5 49.Ke2 Ke6 50.Nd2 Ke5
51.Kd3 Be3 52.Nb1 Bc5 53.Nd2 Ke6 54.b4 axb4 55.Nb3 Bf2 56.axb5 bxc3 57.bxc6 Kd6
58.Kxc3 Bxh4 59.Kd3 Bf2 60.Ke2 Bb6 61.Nc1 Kxc6 62.Nd3 Bc7 63.Nb4+ Kb5 64.Nd5 Be5
65.Ne7 h4 66.Kf2 Kc5 67.Kg2 Bc3 68.Nf5 Bd2 69.Nxh4 Bc3 70.Ng6 Be5 71.Ne7 Bd6
72.Ng8 Be5 73.Nh6 Bc3 74.Ng4 Bd4 75.Nh2 Bf2 76.Ng4 Bd4 77.Nh6 Be3 78.Nf5 Bd2
79.Nh6 Bc3 80.Ng4 Bd4 81.Nh2  1/2-1/2

[Event "Quebeck-ch"]
[Site "Quebec"]
[Date "1994.??.??"]
[Round "2"]
[White "O'Donnell, Tom"]
[Black "Levtchouk, George"]
[Result "0-1"]
[WhiteElo "2385"]
[BlackElo "2300"]

1.e4 g6 2.d4 Bg7 3.Nc3 d6 4.Be3 c6 5.Qd2 b5 6.h4 h5 7.Nh3 Bxh3 8.Rxh3 Nd7
9.f3 Ngf6 10.O-O-O Qa5 11.Kb1 Rb8 12.Nd5 Qd8 13.Nxf6+ Bxf6 14.f4 Bg7 15.e5 e6
16.Bd3 Nb6 17.Qe2 Nd5 18.Be4 Qb6 19.Bc1 b4 20.Bxd5 cxd5 21.f5 gxf5 22.Rg3 Bf8
23.Bf4 Kd7 24.exd6 Bxd6 25.Bxd6 Qxd6 26.Rg5 Rbg8 27.Rxg8 Rxg8 28.Qxh5 Ke7
29.Qe2 Rg4 30.h5 Kf6 31.Rh1 Kg7 32.Qd2 Kh7 33.b3 a5 34.h6 Qf4 35.Qe2 Qxd4
36.Qb5 Rxg2 37.Qxa5 f4 38.a4 f3 39.Qc7 Qf6 40.Rf1 f2 41.Qb6 Qc3 42.Qa7 Qe1+
43.Ka2 Qxf1 44.Qxf7+ Kxh6 45.Qxe6+ Rg6 46.Qe3+ Rg5 47.Qe6+ Kh5 48.Qf7+ Kg4
49.Qe6+ Rf5 50.Qg6+ Kf4 51.Qh6+ Kf3  0-1

[Event "Reggio Emilia9495"]
[Site "Reggio Emilia"]
[Date "1994.??.??"]
[Round "8"]
[White "Martorelli, Antonio"]
[Black "Chernin, Alexander"]
[Result "1/2-1/2"]
[WhiteElo "2245"]
[BlackElo "2615"]

1.e4 g6 2.d4 Bg7 3.Nc3 d6 4.Be3 a6 5.a4 Nc6 6.h3 e5 7.Nf3 exd4 8.Nxd4 Nf6
9.Nxc6 bxc6 10.e5 Nd5 11.Nxd5 cxd5 12.Qxd5 Be6 13.Qc6+ Bd7 14.Qf3 O-O 15.Bc4 Qh4
16.Bxf7+ Kh8 17.Qd5 Bxe5 18.Qc4 Qf6 19.Bd5 c6 20.Bf3 d5 21.Qc5 Bxb2 22.Rd1 Bc3+
23.Ke2 Rae8 24.Rd3 Be5 25.Kd2 Bf5 26.Rd4 Kg8 27.Rb1 Bxh3 28.Rb6 Bxd4 29.Bxd4 Qe6
30.Kc1 Bg4 31.Bc3 Bxf3 32.Qd4 Qf6 33.Qxf6 Rxf6 34.Bxf6 Re6 35.Bd4 Bxg2 36.Rxa6 h5
37.a5 Bf1 38.Ra8+ Kf7 39.a6 Bxa6 40.Rxa6 g5 41.Kd2 h4 42.f3 h3 43.Be3 Rh6
44.Ra1 Kf6 45.Rg1 h2 46.Rh1 Kf5 47.Ke2 c5 48.Bd2 Rh3 49.Ba5 Rh7 50.Kf1 g4
51.Kg2 gxf3+ 52.Kxf3 d4 53.Kg3 Ke4 54.Re1+ Kd5 55.Rh1 Ra7 56.Bb6 Rb7 57.Bd8 Rg7+
58.Kxh2 Rh7+ 59.Kg2 Rxh1 60.Kxh1 d3  1/2-1/2

[Event "Rishon Le Ziyyon"]
[Site "Rishon Le Ziyyon"]
[Date "1994.??.??"]
[Round "11"]
[White "Zilberman, Yaacov"]
[Black "Davies, Nigel R"]
[Result "0-1"]
[WhiteElo "2460"]
[BlackElo "2510"]

1.d4 d6 2.e4 g6 3.Nc3 Bg7 4.Nge2 a6 5.g3 b5 6.Bg2 Bb7 7.O-O Nd7 8.a3 c5 9.Re1 Rb8
10.Be3 cxd4 11.Bxd4 Ngf6 12.h3 O-O 13.Nc1 e6 14.Nd3 Qc7 15.Qc1 Rbc8 16.Be3 Rfe8
17.a4 bxa4 18.Rxa4 Rb8 19.Nb4 Ra8 20.Qa1 Nc5 21.Bxc5 dxc5 22.Nxa6 Qb6 23.Bf1 Red8
24.Qa3 Bf8 25.Qb3 Qxb3 26.cxb3 Rd2 27.Rea1 Rxb2 28.Nxc5 Bxc5 29.Rxa8+ Bxa8
30.Rxa8+ Kg7 31.Ra2 Rxa2 32.Nxa2 Nxe4 33.Kg2 Nxf2 34.Nc3 f5 35.Na4 Bd4 36.b4 Nd1
37.Kf3 Ne3 38.Bd3 e5 39.b5 Nd5 40.Bc4 e4+ 41.Ke2 Nb6 42.Nxb6 Bxb6 43.Bd5 Kf6
44.Bg8 h6 45.Bd5 g5 46.Bc6 Ke5 47.Be8 f4 48.gxf4+ gxf4 49.Bh5 Kf6  0-1

[Event "ROM-chT"]
[Site "ROM"]
[Date "1994.??.??"]
[Round "?"]
[White "Vasiesiu, Dan"]
[Black "Ardeleanu, Alin"]
[Result "1-0"]
[WhiteElo "2340"]
[BlackElo "2425"]

1.e4 g6 2.d4 Bg7 3.Nc3 d6 4.f4 Nf6 5.Nf3 O-O 6.Bd3 Na6 7.O-O c5 8.d5 Nc7
9.a4 e6 10.dxe6 Bxe6 11.f5 Bd7 12.Bg5 gxf5 13.exf5 Bc6 14.Qd2 Kh8 15.Rad1 d5
16.Qf4 Nce8 17.Qh4 c4 18.Be2 Qb6+ 19.Nd4 Qxb2 20.Rf3 Qb4 21.Rh3 Rd8 22.g4 Rg8
23.Kh1 Qd6 24.Bf3 Qe5 25.Bxf6 Nxf6 26.g5 h6 27.Re1 Qd6 28.Re6 fxe6 29.gxf6 Qf8
30.fxg7+ Qxg7 31.Rg3 Qh7 32.Qf6+  1-0

[Event "ROM-chT"]
[Site "ROM"]
[Date "1994.??.??"]
[Round "?"]
[White "Ghinda, Eugenia"]
[Black "Olteanu, Gabriela"]
[Result "0-1"]
[WhiteElo "2145"]
[BlackElo "2055"]

1.e4 g6 2.d4 Bg7 3.Nc3 d6 4.f4 Nf6 5.Nf3 O-O 6.Be3 Nbd7 7.h3 c5 8.Be2 cxd4
9.Nxd4 a6 10.Bf3 Qc7 11.a4 e5 12.Nde2 b6 13.O-O Bb7 14.Qd2 Nc5 15.Ng3 Rad8
16.fxe5 dxe5 17.Qf2 a5 18.Rad1 h6 19.Rfe1 Qe7 20.Qe2 Ba6 21.Qf2 Bb7 22.Kh1 Bc6
23.Qe2 Rxd1 24.Rxd1 Rd8 25.Rxd8+ Qxd8 26.Qc4 Bf8 27.b3 Kg7 28.Qf1 Kh7 29.Qf2 Be7
30.Nf1 Bf8 31.Qd2 Qxd2 32.Nxd2 Bd6 33.Kg1 Bc7 34.Kf2 Kg7 35.g4 g5 36.Bg2 Kf8
37.Kf3 Ke7 38.Nc4 Nfd7  0-1

[Event "Romania (Women)"]
[Site "Romania"]
[Date "1994.??.??"]
[Round "?"]
[White "Susterman, Anja"]
[Black "Kiseleva, Natalia"]
[Result "0-1"]
[WhiteElo "2215"]
[BlackElo "2190"]

1.e4 g6 2.d4 Bg7 3.Nc3 d6 4.Be3 c6 5.Qd2 b5 6.a3 Nd7 7.Bd3 a6 8.Nge2 c5 9.dxc5 dxc5
10.Nf4 e6 11.O-O Ne7 12.Be2 O-O 13.Nh3 Nc6 14.Bh6 Nb6 15.Qe3 Nd4 16.Rad1 Qc7
17.Bxg7 Kxg7 18.Rd2 e5 19.Bd3 f6 20.Qg3 Rd8 21.Rfd1 Bxh3 22.Qxh3 Rd6 23.Kf1 Rf8
24.Qe3 Qd7 25.Be2 a5 26.Bxb5 Nxb5 27.Rxd6 Nxd6 28.Qxc5 Nbc4 29.b3 Rc8 30.Qd5 Nxa3
31.Ne2 Rc6 32.c4 Qc7 33.Qe6 a4 34.c5 Nf7 35.Rd7 Rxe6 36.Rxc7 Rd6 37.Rb7 Nc4
38.Nc3  0-1

[Event "Rome op"]
[Site "Rome"]
[Date "1994.??.??"]
[Round "?"]
[White "Guido, Flavio"]
[Black "D'Amore, Carlo"]
[Result "1/2-1/2"]
[WhiteElo "2295"]
[BlackElo "2420"]

1.e4 g6 2.d4 Bg7 3.Nc3 d6 4.Be3 c6 5.Nf3 b5 6.Bd3 Nd7 7.O-O Qc7 8.a4 b4 9.Ne2 a5
10.c3 Ngf6 11.cxb4 axb4 12.Rc1 Qb7 13.h3 O-O 14.b3 Qb8 15.Rxc6 Bb7 16.Rc4 d5
17.exd5 Bxd5 18.Rc1 Bxf3 19.gxf3 Nd5 20.Be4 N7f6 21.Qd3 Qd6 22.Rc5 h6 23.Rfc1 e6
24.Bd2 Rfd8 25.Qc4 Rab8 26.Rb5 Bf8 27.Rxb8 Qxb8 28.Qc6 Qa7 29.Rc4 Kg7 30.Kg2 Bd6
31.Rc1 Bb8 32.Qb5 Qe7 33.Rc6 Qa7 34.Bxb4 Nxb4 35.Qxb4 Ne8 36.Qb6 Qe7 37.Qc5 Nd6
38.a5 Qh4 39.Qe5+ Kg8 40.Qf4 Qe7 41.Qxh6 Nxe4 42.fxe4 Qb7 43.Qc1 Qxb3 44.Rc8 Rxc8
45.Qxc8+ Kg7 46.a6 Qb5 47.Ng3 Bxg3 48.a7 Qb2 49.Kxg3 Qa3+ 50.Kg2 Qxa7 51.Qc5 Qa4
52.Qe5+ f6 53.Qd6 Kf7 54.Qc7+ Kf8 55.Qd6+ Kf7 56.Qc7+ Kf8 57.f3 Qd1 58.Qd6+ Kf7
59.Qc7+ Ke8 60.Qg3 Kf7 61.Qf2 Qd3 62.Qb2 g5  1/2-1/2

[Event "Sarospatak op"]
[Site "Sarospatak"]
[Date "1994.??.??"]
[Round "?"]
[White "Priehoda, Vitezslav"]
[Black "Nagy, Kalman"]
[Result "1-0"]
[WhiteElo "2400"]
[BlackElo "2235"]

1.d4 g6 2.e4 Bg7 3.Nc3 d6 4.f4 Nc6 5.Be3 e5 6.dxe5 dxe5 7.Qxd8+ Nxd8 8.Nd5 Ne6
9.f5 c6 10.fxe6 cxd5 11.exf7+ Kxf7 12.exd5 Ne7 13.Nf3 Rd8 14.O-O-O Bf5 15.Bc4 Kf8
16.Ng5 h6 17.Ne6+ Bxe6 18.dxe6 b6 19.Rhf1+ Kg8 20.Rf7 Bf8 21.Rd7 Rxd7 22.exd7 Kh8
23.Bd2 Nf5 24.Bc3 Bg7 25.Be6 Nd4 26.Bxd4 exd4 27.Re7  1-0

[Event "SCO-ch"]
[Site "SCO"]
[Date "1994.??.??"]
[Round "?"]
[White "Bryson, Douglas M"]
[Black "McNab, Colin Anderson"]
[Result "1/2-1/2"]
[WhiteElo "2350"]
[BlackElo "2460"]

1.e4 g6 2.d4 d6 3.Nc3 Bg7 4.f4 Nc6 5.Be3 Nf6 6.Nf3 O-O 7.Qd2 e5 8.dxe5 dxe5
9.Qxd8 Rxd8 10.fxe5 Ng4 11.Bg5 Rd7 12.Nd5 h6 13.Bf4 Ncxe5 14.h3 Nxf3+ 15.gxf3 Ne5
16.Be2 c6 17.Ne3 Rd8 18.h4 Be6 19.Kf2 Nd7 20.c3 Nc5 21.Nc4 Bxc4 22.Bxc4 b5
23.Be2 Na4 24.Rab1 Rd7 25.Bd1 Nc5 26.Bc2 Rad8 27.Ke2 Ne6 28.Be3 Be5 29.Rbd1 h5
30.Kf2 Kf8 31.a4 Rxd1 32.Rxd1 Rxd1 33.Bxd1 a6 34.axb5 axb5 35.Be2 Ke7 36.Bf1 Kd6
37.Bh3 Nf4 38.Bf1 Ne6 39.Bh3 Nf4  1/2-1/2

[Event "Sevilla op"]
[Site "Sevilla"]
[Date "1994.??.??"]
[Round "5"]
[White "Sanz Alonso, Francisco Javier"]
[Black "Checa, Calderon D"]
[Result "1-0"]
[WhiteElo "2420"]
[BlackElo "2245"]

1.e4 d6 2.d4 g6 3.Nc3 Bg7 4.g3 Nf6 5.Bg2 O-O 6.Nge2 e5 7.h3 Nc6 8.Be3 Bd7
9.O-O exd4 10.Nxd4 Nxd4 11.Bxd4 Bc6 12.Re1 Nd7 13.Ne2 Nf6 14.Nc3 Nd7 15.b4 a6
16.a4 b6 17.Bxg7 Kxg7 18.Qd4+ Kg8 19.a5 Qg5 20.axb6 Nxb6 21.Ra5 Qe7 22.Rea1 Bb7
23.h4 Rac8 24.Bf1 c5 25.bxc5 dxc5 26.Qe3 Rc6 27.Bxa6 Bxa6 28.Rxa6 Re6 29.Qf4 Rd8
30.h5 g5 31.Qf5 Qf6 32.Rb1 Nd7 33.Ra7 Re5 34.Qg4 Nb6 35.f4 Rd2 36.Rxb6 Qxb6
37.fxe5 c4+ 38.Kh1 h6 39.Ra5 Kg7 40.Qc8 Rh2+ 41.Kxh2  1-0